000 00627nam a2200205 a 4500
001 000023055
005 20250725140219.0
008 101125s1999 ck a 000 0 spa d
020 _z958916256X
040 _aDO-SdBNP
_bspa
_cBNPHU
082 _a523.1
_bA779c, 1999
100 1 _aArroyo, Jaime
_947453
245 1 0 _aEl cinturón fotónico :
_bsurgiendo a la era de la luz /
_cJaime Arroyo.
250 _a2a ed.
260 _aSantafé de Bogotá, Colombia :
_bSolar,
_c1999.
300 _a339 p. :
_bil. ;
_c21 cm.
650 0 _a Cosmología
_91848
650 4 _aDistribución del universo
_947454
650 4 _aNebulosas
_947455
999 _c22552
_d22552